Super Mario 64 Power Stars: Cool, Cool Mountain - Statistics

General Stats
  • This quiz has been taken 60 times
  • The average score is 7 of 8
Answers on the Map
Answers color-coded by a green-red scale on the quiz's map according to % correct below.
 
Answer Stats
# Star % Correct
4 Frosty Slide for 8 {Red} {Coins}
98%
2 Lil' {Penguin} Lost
98%
6 Mario's Super Wall {Kick}
98%
6 Wall {Kicks} Will Work
98%
5 {Snowman}'s Lost His Head
96%
1 Slip {Slidin}' Away
92%
3 Big Penguin {Race}
88%
7 {Switch} {Star} of Cool, Cool Mountain
51%
No matching quizzes found
Score Distribution
Percent of People with Each Score
Percentile by Number Answered
Your Score History
You have not taken this quiz